Életkörülmények, életmód a fiatalok körében Az 1984. évi fiatalok életkörülményei adatfelvétel alapján
Saved in:
| Format: | Book |
|---|---|
| Language: | Hungarian |
| Published: |
Budapest
Központi statisztikai hivatal
1986
|
| Edition: | 1. kiadás. |
| Tags: |
No Tags, Be the first to tag this record!
|
MARC
| LEADER | 00000nam a2200000 4500 | ||
|---|---|---|---|
| 001 | c034624 | ||
| 005 | 20221220071450.1 | ||
| 041 | 0 | |a hun | |
| 044 | |a HU | ||
| 245 | 1 | 0 | |a Életkörülmények, életmód a fiatalok körében |b Az 1984. évi fiatalok életkörülményei adatfelvétel alapján |
| 250 | |a 1. kiadás. | ||
| 264 | 1 | |a Budapest |b Központi statisztikai hivatal |c 1986 | |
| 300 | |a 420 s. | ||